Hoàn thiện công tác tuyển dụng nhân sự tại công ty trách nhiệm hữu hạn thương mại và dịch vụ Trường Thuận Khóa luận tốt nghiệp. Chuyên ngành: Quản trị kinh doanh
Spremljeno u:
| Glavni autor: | |
|---|---|
| Autori kompanije: | , |
| Daljnji autori: | |
| Jezik: | Undetermined Vietnamese |
| Izdano: |
Trà Vinh
Trường Đại học Trà Vinh
2019
|
| Teme: | |
| Oznake: |
Dodaj oznaku
Bez oznaka, Budi prvi tko označuje ovaj zapis!
|
| Thư viện lưu trữ: | Trung tâm Học liệu Trường Đại học Trà Vinh |
|---|
| LEADER | 01082nam a2200289Ia 4500 | ||
|---|---|---|---|
| 001 | TVU_30833 | ||
| 008 | 210423s9999 xx 000 0 und d | ||
| 041 | |a vie | ||
| 082 | |a 658.3 | ||
| 082 | |b Ng527 | ||
| 100 | |a Lê, Thị Hạnh Nguyên | ||
| 245 | 0 | |a Hoàn thiện công tác tuyển dụng nhân sự tại công ty trách nhiệm hữu hạn thương mại và dịch vụ Trường Thuận | |
| 245 | 0 | |b Khóa luận tốt nghiệp. Chuyên ngành: Quản trị kinh doanh | |
| 245 | 0 | |c Lê Thị Hạnh Nguyên ; Nguyễn Ngọc Ẩn (giáo viên hướng dẫn) | |
| 260 | |a Trà Vinh | ||
| 260 | |b Trường Đại học Trà Vinh | ||
| 260 | |c 2019 | ||
| 300 | |a xi, 57 tr. | ||
| 300 | |b minh họa | ||
| 300 | |c 30 cm | ||
| 504 | |a Thư mục: tr.57 | ||
| 650 | |a Tuyển dụng nhân sự; Quản lý nhân sự | ||
| 700 | |a Lê Thị Hạnh Nguyên; Nguyễn Ngọc Ẩn | ||
| 700 | |e giáo viên hướng dẫn | ||
| 710 | |a Trường Đại học Trà Vinh | ||
| 710 | |b Khoa Kinh tế, Luật | ||
| 980 | |a Trung tâm Học liệu Trường Đại học Trà Vinh | ||